000 00536nam a22001937a 4500
003 OSt
005 20140310184308.0
008 121113t xxu||||| |||| 00| 0 eng d
020 _a0439203023
050 _aPZ 7
_b.P485 2001
245 _aThe littles get trapped! /
_cJohn Petterson; illustrated Jacqueline Rogers.
260 _aNew York :
_bScholastic Inc.,
_c2001
300 _a32 p. :
_bill. col. ;
_c23 cm.
521 _aG1
526 _c160
650 _aFiction
_xJuvenile
_923188
942 _2lcc
_cBK-SCHOLAS
999 _c33503
_d33503